DOING BUSINESS IN GHANA : Challenges and Opportunities.
| Format: | Book |
|---|---|
| Subjects: |
| LEADER | 00551cam a2200193 7i4500 | ||
|---|---|---|---|
| 001 | 0000034907 | ||
| 005 | 20180507090000.0 | ||
| 007 | ##ta | ||
| 008 | 180507s2017 | ||
| 020 | # | # | |a 9783319547701 |
| 040 | # | # | |a MATR |
| 090 | 0 | 0 | |a GHAN 338.7 |b DOI |
| 245 | 0 | 1 | |a DOING BUSINESS IN GHANA : |b Challenges and Opportunities. |
| 264 | 2 | 0 | |a Cham: |b Palgrave Macmillan, |c 2017. |
| 336 | # | # | |a text |2 rdacontent |
| 337 | # | # | |a unmediated |2 rdamedia |
| 338 | # | # | |a volume |2 rdacarrier |
| 650 | 0 | 0 | |a Doing business -- |z Ghana |
| 999 | |a B000040132 |b Book |c Countries |e Business Information Centre | ||


